| 000 | 00389nam a2200181Ia 4500 | ||
|---|---|---|---|
| 005 | 20250603144529.0 | ||
| 008 | 250603s9999 xx 000 0 und d | ||
| 020 | _a0582330947 | ||
| 050 | _aPR 5363 .A88/ | ||
| 100 | _aShaw, Bernard | ||
| 245 | 0 | _aArms and the man | |
| 260 | _aHarlow | ||
| 260 | _bLongman | ||
| 260 | _c2000 | ||
| 300 | _a108 p | ||
| 650 | _aHarlow | ||
| 942 | _cBK | ||
| 999 |
_c39195 _d39195 |
||